Codice nueve norte imago-américa

Saved in:
Bibliografiske detaljer
Main Authors: Emilfork Tobar, Leonidas (Author), Balcells Eyquem, José Antonio (Author)
Format: Bog
Sprog:spansk
Udgivet: Viña del Mar Universidad Católica de Valparaíso, Dirección General de Investigaciones 1983
Fag:
Tags: Tilføj Tag
Ingen Tags, Vær først til at tagge denne postø!

MARC

LEADER 00000nam a2200000 a 4500
001 UCV9606
003 CL-VaPUC
008 921209e19830000CL |||||||||||||||||spa|d
082 0 4 |a H861  |b EMI  |2 21 
100 0 |a Emilfork Tobar, Leonidas  |e author  |9 303629 
700 0 |a Balcells Eyquem, José Antonio  |e author  |9 303630 
245 1 0 |a Codice nueve norte imago-américa 
300 |a 28 h 
942 |c BK 
945 |d 19921209 00:00:00  |a rbrito 
260 |a Viña del Mar  |b Universidad Católica de Valparaíso, Dirección General de Investigaciones  |c 1983 
650 0 |a Poesías hispanoamericanas  |9 267672 
583 |a last modification  |c 19921209 00:00:00  |k Rodrigo Vera 
999 |c 214916  |d 214914 
952 |0 0  |1 0  |4 0  |6 H_861_000000000000000_EMI_1983  |7 0  |8 P  |9 198745  |a BIBARQ  |b BIBARQ  |d 2019-11-14  |i 2661454  |o H861 EMI 1983  |p 2661454  |r 2025-01-20  |w 2019-11-14  |y BK  |k ARQ